LEADER 00902cam0-2200313---450- 001 990005591470403321 005 20101008090515.0 010 $a0-434-36801-6 035 $a000559147 035 $aFED01000559147 035 $a(Aleph)000559147FED01 035 $a000559147 100 $a19990604d1969----km-y0itay50------ba 101 0 $aeng 102 $aUS$aCA$aGB 105 $aa-------001yb 200 1 $aFake!$eThe story of Elmyr de Hory the greatest art forger of our time$fClifford Irving 210 $aNew York ; Toronto ; London$cMcGraw-Hill Book Company$d1969 215 $aX, 243 p.$cill.$d23 cm 610 0 $ade Hory, Elmyr 676 $a702.874 700 1$aIrving,$bClifford$0215678 801 0$aIT$bUNINA$gRICA$2UNIMARC 901 $aBK 912 $a990005591470403321 952 $a702.874 IRV 1$bST.ARTE 10236$fFLFBC 959 $aFLFBC 996 $aFake$9608266 997 $aUNINA LEADER 01523nam 2200385 a 450 001 9910701505803321 005 20120402153258.0 035 $a(CKB)5470000002420034 035 $a(OCoLC)782959625 035 $a(EXLCZ)995470000002420034 100 $a20120402d2012 ua 0 101 0 $aeng 135 $aurbn||||||||| 181 $ctxt$2rdacontent 182 $cc$2rdamedia 183 $acr$2rdacarrier 200 10$aNuclear safety$b[electronic resource] $eArrangement between the United States of America and the United Arab Emirates, Signed at Washington, August 23, 2010, with Addenda 210 1$a[Washington, D.C.] :$cU.S. Dept. of State,$d[2012?] 215 $a1 online resource (18 unnumbered pages) 225 1 $aTreaties and other international acts series ;$v10-823 300 $aTitle from title screen (viewed on Apr. 2, 2012). 517 $aNuclear safety 606 $aNuclear facilities$xSafety measures$xResearch$zUnited States 606 $aNuclear facilities$xSafety measures$xResearch$zUnited Arab Emirates 606 $aNuclear facilities$xSafety measures$xInternational cooperation 615 0$aNuclear facilities$xSafety measures$xResearch 615 0$aNuclear facilities$xSafety measures$xResearch 615 0$aNuclear facilities$xSafety measures$xInternational cooperation. 712 02$aUnited States.$bDepartment of State. 801 0$bGPO 801 1$bGPO 906 $aBOOK 912 $a9910701505803321 996 $aNuclear safety$92319825 997 $aUNINA